000 00302nam a22001337a 4500
008 170615b xxu||||| |||| 00| 0 eng d
020 _a9780155000056
041 _aeng
080 _a32
100 _a19
101 _aSHP
245 _aAN INTRODUCTION TO INTERNATIONAL
_cPURVIS.H
942 _2udc
_cBK
999 _c17442
_d17442